|
|
|
|
| LEADER |
00965nas a22002417i 4500 |
| 003 |
GR-PaULI |
| 005 |
20240913102938.0 |
| 008 |
161121c20119999gr mr|p |||| 00| b gre d |
| 022 |
|
|
|a 2241-2743
|l 2241-2743
|
| 040 |
|
|
|a GR-PaULI
|b gre
|e AACR2
|
| 082 |
|
|
|2 23
|a 889.05
|
| 245 |
|
|
|a Διορθώσεις :
|b μηνιαίο περιοδικό
|
| 260 |
|
|
|a Αθήνα :
|b Διάγραμμα
|
| 300 |
|
|
|a τχ. :
|c 24 εκ.
|
| 310 |
|
|
|a Μηνιαίο
|
| 362 |
|
|
|a Άρχισε με το τεύχ. 1 (2011).
|
| 588 |
|
|
|a Η περιγραφή βασίζεται στο τεύχος 43 (2017).
|
| 650 |
|
0 |
|9 179798
|a Λογοτεχνία
|x Περιοδικά
|
| 866 |
|
|
|a τχ. 1-27 (2011-2013)-τχ. 28-43 (2014-2017)-τχ. 44(2018)
|
| 942 |
|
|
|2 ddc
|c JNL
|
| 952 |
|
|
|0 0
|1 0
|2 ddc
|4 0
|6 889_050000000000000
|7 1
|9 243640
|a LISP
|b LISP
|c SER
|d 2020-09-22
|e ΠΑΤ
|i ΠΑΤ 219
|l 0
|o 889.05
|r 2020-09-22 00:00:00
|w 2020-09-22
|y JNL
|
| 998 |
|
|
|c ΙΩΑΝΝΟΥ
|d 2020-09
|
| 999 |
|
|
|c 147037
|d 147037
|